000 00299nam a22001217a 4500
003 OSt
008 250205b |||||||| |||| 00| 0 eng d
041 _aeng
100 _aBralla, James G
_97078
245 _aHandbook of Product Design for Manufacturing
260 _bMc Graw Hill,
_c1988.
942 _cBK
999 _c19307
_d19307